• 首页
  • 本馆介绍
  • 公告通知
  • 最新文献
  • 馆藏检索
  • 电子资源
  • 读者导购
  • 参考咨询
  • 我的图书馆
  • 登录
  • 详细信息显示
  • 放入我的书架
  • 预约/预借图书
  • 作者相关作品
  • 分类相关作品
  • 丛书相关作品
  • 出版社相关作品

书目信息

  • 表格格式
  • 工作单格式
  • 卡片格式
题名:
马克思主义政党学说史略
    
 
作者: 赵云献 , 杨杰 著
分册:  
出版信息: 兰州   甘肃人民出版社  1985
页数: 326页
开本: 19cm
丛书名:
单 册:
中图分类: D053
科图分类:
主题词: 工人政党--理论
电子资源:
ISBN:
000 00673nam0 2200241 45
001 0185000323
005 20050324111209.5
010    @dCNY1.65
091    @a3096.682
100    @a19900904d1985 emky0chiy0121 ea
101 0  @achi
102    @aCN@b620000
105    @ay z 000yd
200 10 @a马克思主义政党学说史略@Ama ke si zhu yi zheng dang xue shuo shi lue@f赵云献, 杨杰著@FZhao Yun Xian,Yang Jie Zhu
210    @a兰州@c甘肃人民出版社@d1985
215    @a326页@d19cm
606    @a工人政党@x理论
690    @aD053@v3
701  0 @a赵云献@4著
701  0 @a杨杰@4著
801  0 @aCN@b深圳图书馆@c20040429
801  2 @aCN@bNLC@c20040429
905    @dD053@e5@f1@b256536
    
    马克思主义政党学说史略/赵云献, 杨杰著.-兰州:甘肃人民出版社,1985
    326页;19cm
    
    
    ISBN :CNY1.65
    
●
相关链接 在E读中查询图书 在五车中查询图书 在当当中查询图书 在豆瓣中查询图书


正题名:马克思主义政党学说史略     索取号:D053/5         预约/预借

序号 登录号 条形码 馆藏地/架位号 状态 备注
1 0256535   001019962   密集书库/ [索取号:D053/5] 在馆    
2 0256536   001986382   第一借阅区/ [索取号:D053/5] 在馆    
3 0256537   001020148   第一样本阅览室/ [索取号:D053/5] 在馆    
唐山师范学院图书馆 欢迎您!
大连网信软件有限公司© 版权所有